Economic and social history of India / (Record no. 16392)

MARC details
000 -LEADER
fixed length control field 00900nam a22002417a 4500
008 - FIXED-LENGTH DATA ELEMENTS--GENERAL INFORMATION
fixed length control field 081008t xxu||||| |||| 00| 0 eng d
010 ## - LCCN (DPL NO)
LC control number ENG-91223
020 ## - INTERNATIONAL STANDARD BOOK NUMBER
International Standard Book Number 9788184550498
Terms of availability 695.00
035 ## - SYSTEM CONTROL NUMBER
System control number EN-74756
037 ## - SOURCE OF ACQUISITION
Source of stock number/acquisition DBAD / PUB
040 ## - CATALOGING SOURCE
Original cataloging agency dpl
Language of cataloging English
082 ## - DEWEY DECIMAL CLASSIFICATION NUMBER
Classification number 330.954
245 ## - TITLE STATEMENT
Title Economic and social history of India /
Statement of responsibility, etc edited by Rajender Kumar
260 ## - PUBLICATION, DISTRIBUTION, ETC. (IMPRINT)
Place of publication, distribution, etc New Delhi
Name of publisher, distributor, etc Omega Publications
Date of publication, distribution, etc 2008
270 ## - ADDRESS
Address 4398/5, Ansari Road, Daryaganj
City New Delhi
Postal code 110002
300 ## - PHYSICAL DESCRIPTION
Extent v, 303p.
Dimensions 22cm (Hb)
500 ## - GENERAL NOTE
General note Includes index
651 ## - SUBJECT ADDED ENTRY--GEOGRAPHIC NAME
Geographic name India
General subdivision Economic conditions
651 ## - SUBJECT ADDED ENTRY--GEOGRAPHIC NAME
Geographic name India
General subdivision Social conditions
700 ## - ADDED ENTRY--PERSONAL NAME
Personal name Rajender Kumar
942 ## - ADDED ENTRY ELEMENTS (KOHA)
Source of classification or shelving scheme Dewey Decimal Classification
Item type English Books
Call number suffix ECO
Classification part 330.954
Holdings
Withdrawn status Lost status Source of classification or shelving scheme Damaged status Not for loan Collection code Home library Current library Date acquired Source of acquisition Cost, normal purchase price Total Checkouts Full call number Barcode Date last seen Copy number Cost, replacement price Koha item type
    Dewey Decimal Classification   Not For Loan Non-fiction D.B.Act.Division D.B.Act.Division 08/10/2008 DBAD / PUB 695.00   330.954 ECO EN-74756 08/10/2008 1 695.00 English Books

© Delhi Public Library
Hit Counter
free hit counter